Hướng dẫn thực hành kế toán doanh nghiệp, ghi sổ kế toán theo các hình thức kế toán lập, đọc, phân tích báo cáo tài chính doanh nghiệp

Đã lưu trong:
书目详细资料
主要作者: Võ, Văn Nhị
格式: 图书
语言:Undetermined
出版: Hà Nội Tài Chính 2003
主题:
标签: 添加标签
没有标签, 成为第一个标记此记录!
Thư viện lưu trữ: Trung tâm Học liệu Trường Đại học Cần Thơ
LEADER 00686nam a2200193Ia 4500
001 CTU_93548
008 210402s9999 xx 000 0 und d
020 |c 199000 
082 |a 657.2 
082 |b Nh300 
100 |a Võ, Văn Nhị 
245 0 |a Hướng dẫn thực hành kế toán doanh nghiệp, ghi sổ kế toán theo các hình thức kế toán lập, đọc, phân tích báo cáo tài chính doanh nghiệp 
245 0 |c Võ Văn Nhị 
260 |a Hà Nội 
260 |b Tài Chính 
260 |c 2003 
650 |a Accounting,Bookkeeping 
904 |i Mai Loan 
980 |a Trung tâm Học liệu Trường Đại học Cần Thơ